[Event "ECU-ch"]
[Site "Quito"]
[Date "2023.06.24"]
[Round "6"]
[White "Chang Suarez, Andres Felipe"]
[Black "Bone Nunoz, Luis Jhonny"]
[Result "1-0"]
[WhiteElo "1960"]
[BlackElo "1982"]
[PlyCount "45"]
[EventDate "2023.06.21"]
[EventType "swiss"]
[EventRounds "9"]
[EventCountry "ECU"]
[SourceTitle "CBM 215 Extra"]
[Source "ChessBase"]
[SourceDate "2023.09.30"]
[SourceVersion "1"]
[SourceVersionDate "2023.09.30"]
[SourceQuality "1"]

1. e4 c5 2. Nc3 g6 3. d3 Bg7 4. h4 h5 5. g3 Nc6 6. Bg2 e6 7. Nh3 Nge7 8. 0-0 0-0 9. Bg5 f6 10. Be3 Nd4 11. Qd2 d5 12. exd5 exd5 13. Nf4 Nxc2 14. Bxc5 d4 15. Ncd5 Nxd5 16. Bxd5+ Kh7 17. Qxc2 Qc7 18. Rac1 Rd8 19. Bxd4 Qa5 20. Bc3 Qb6 21. Be4 f5 22. Bg2 Bh6 23. Qe2 1-0

[Event "Pan American-ch U20"]
[Site "Duran"]
[Date "2011.06.09"]
[Round "7"]
[White "Jarrin Cobos, Jose"]
[Black "Bone Nunoz, Luis Jhonny"]
[Result "1-0"]
[WhiteElo "2071"]
[BlackElo "1906"]
[PlyCount "65"]
[EventDate "2011.06.05"]
[EventType "swiss"]
[EventRounds "9"]
[EventCountry "ECU"]
[SourceTitle "EXT 2022"]
[Source "ChessBase"]
[SourceDate "2021.10.06"]
[SourceVersion "1"]
[SourceVersionDate "2021.10.06"]
[SourceQuality "1"]

1. e4 c5 2. c3 Nf6 3. e5 Nd5 4. d4 cxd4 5. Nf3 e6 6. cxd4 d6 7. Bd3 Be7 8. 0-0 0-0 9. Nc3 Nc6 10. Qe2 Re8 11. Qe4 g6 12. Rd1 Nxc3 13. bxc3 d5 14. Qg4 Bd7 15. Bh6 f5 16. exf6 e5 17. fxe7 Qxe7 18. Qg5 Qxg5 19. Nxg5 exd4 20. cxd4 Nxd4 21. Nf3 Nxf3+ 22. gxf3 Re5 23. Be3 Rf8 24. Rab1 b6 25. f4 Re7 26. Bc2 Be6 27. Bb3 Rd7 28. Rbc1 Rfd8 29. Rc6 Bg4 30. Rdc1 Kf7 31. Bd4 Bf5 32. Rc7 Ke7 33. Ba4 1-0

[Event "Pan American-ch U20"]
[Site "Duran"]
[Date "2011.06.08"]
[Round "5"]
[White "Bone Nunoz, Luis Jhonny"]
[Black "Aizpurua, Patrick Emilio"]
[Result "1/2-1/2"]
[WhiteElo "1906"]
[BlackElo "2210"]
[PlyCount "113"]
[EventDate "2011.06.05"]
[EventType "swiss"]
[EventRounds "9"]
[EventCountry "ECU"]
[SourceTitle "EXT 2022"]
[Source "ChessBase"]
[SourceDate "2021.10.06"]
[SourceVersion "1"]
[SourceVersionDate "2021.10.06"]
[SourceQuality "1"]

1. c4 Nf6 2. Nf3 e6 3. g3 b6 4. Bg2 Bb7 5. 0-0 Be7 6. b3 0-0 7. Bb2 d6 8. Nc3 c5 9. Rc1 a6 10. a3 Nbd7 11. e3 Qc7 12. Re1 Rfd8 13. d4 Ne4 14. Qc2 Ndf6 15. Nd2 Nxd2 16. Qxd2 Bxg2 17. Kxg2 Qb7+ 18. Kg1 Ne4 19. Nxe4 Qxe4 20. d5 exd5 21. Qxd5 Qxd5 22. cxd5 b5 23. b4 c4 24. a4 Rd7 25. Bd4 Bf6 26. Bxf6 gxf6 27. Kg2 Re7 28. g4 Kf8 29. e4 Rc7 30. Rc3 Ke7 31. f4 a5 32. Rb1 axb4 33. Rxb4 bxa4 34. Rbxc4 Rxc4 35. Rxc4 a3 36. Rc1 a2 37. Ra1 Ra3 38. h4 Kf8 39. Kh2 Ke7 40. Kg2 Kd7 41. g5 Ke7 42. gxf6+ Kxf6 43. Kf2 h5 44. Kg2 Ke7 45. e5 dxe5 46. fxe5 f6 47. e6 Ra5 48. Kf3 Rxd5 49. Rxa2 Rd4 50. Ra5 Rxh4 51. Kg3 Rg4+ 52. Kf3 Rg5 53. Ra6 Re5 54. Kf4 Rd5 55. Kg3 Rd4 56. Kh3 h4 57. Rb6 1/2-1/2